Fair Talk : (Record no. 168481)

MARC details
000 -LEADER
fixed length control field 00652nam a22001817a 4500
005 - DATE AND TIME OF LATEST TRANSACTION
control field 20191010161028.0
010 ## - LCCN (DPL NO)
LC control number ENG-126641
020 ## - INTERNATIONAL STANDARD BOOK NUMBER
International Standard Book Number 9789353286088
Terms of availability 495.00
035 ## - SYSTEM CONTROL NUMBER
System control number EN-110173
037 ## - SOURCE OF ACQUISITION
Source of stock number/acquisition DBAD/PUB
082 ## - DEWEY DECIMAL CLASSIFICATION NUMBER
Classification number 658.3
100 ## - MAIN ENTRY--PERSONAL NAME
Personal name Gorbatov, Sergey
245 ## - TITLE STATEMENT
Title Fair Talk :
Statement of responsibility, etc by Stephen A. Ross, Randolph W. Westerfield [and] Bradford D. Jordan
Remainder of title three steps to powerful feedback /
260 ## - PUBLICATION, DISTRIBUTION, ETC. (IMPRINT)
Place of publication, distribution, etc New Delhi
Name of publisher, distributor, etc SAGE Publications
270 ## - ADDRESS
Address B-1/1-1, Mohan Coopetative Industrial Area
City Mathura Road, Post Bag 7, New Delhi
Postal code 110044
Electronic mail address marketing@sagepub.in
300 ## - PHYSICAL DESCRIPTION
Extent 261p.
Dimensions 21cm(pbk)
942 ## - ADDED ENTRY ELEMENTS (KOHA)
Source of classification or shelving scheme Dewey Decimal Classification
Item type English Books
Classification part 658.3
Call number suffix GOR
Holdings
Withdrawn status Lost status Not for loan Collection code Home library Current library Date acquired Source of acquisition Cost, normal purchase price Full call number Barcode Copy number Cost, replacement price Koha item type
      Non-fiction Central Library Central Library 10/10/2019 DBAD/PUB 495.00 658.3 GOR EN-110173 1 495.00 English Books

© Delhi Public Library
Hit Counter
free hit counter